Political and Economic Encyclopedia of Western Europe

Guardado en:
Detalles Bibliográficos
Otros Autores: Nicholson, Frances
Formato: Libro
Lenguaje:inglés
Publicado: Harlow Longman 1990
Edición:1. ed.
Etiquetas: Agregar Etiqueta
Sin Etiquetas, Sea el primero en etiquetar este registro!

MARC

LEADER 00000nam a2200000 4500
001 c023497
005 20221215114311.8
041 0 |a eng 
044 |a GB 
245 1 0 |a Political and Economic Encyclopedia of Western Europe  |c Edit. Frances Nicholson 
250 |a 1. ed. 
264 1 |a Harlow  |b Longman  |c 1990 
300 |a 411 s. 
700 1 |a Nicholson, Frances